000 00708cam a22002531 4500
001 6394
003 BD-RjUL
005 20211208234233.0
008 140111s1966 enk 000 0 eng
035 _a(BD-RjUL)6434
035 _a(OCoLC)1822444
040 _aDLC
_cFMFIU
_dOCoLC
_dUk
_dDLC
_dBD-RjUL
_beng
041 _aeng
082 _a398.2096762
_bNJA 1966
100 1 _aNjururi, Ngumbu,
_d1930-
_920140
245 1 0 _aAgikuyu folk tales /
_cNgumbu Njururi
260 _aLondon :
_bOxford U.P.,
_cc1966.
300 _aix, 109 p. ;
_c21 cm.
650 0 _aKikuyu (African people)
_xFolklore.
_920141
650 0 _aTales
_zKenya.
_920142
942 _2ddc
_cBK
999 _c6394
_d6394